Statistics for 2018 FIFA World Cup - Most and Least likely to win

Click here to take the quiz!

General Stats

  • This quiz has been taken 1,229 times
  • The average score is 8 of 11

Answer Stats

CountryOdds% Correct
France5.5
98%
Germany4.5
96%
Brazil5.0
95%
Argentina8.0
93%
Spain7.0
89%
Panama1000
72%
Saudi Arabia1000
69%
Iran500
62%
Tunisia500
61%
South Korea500
51%
Morocco500
49%

Score Distribution

Percentile by Number Answered

Percent of People with Each Score

Your Score History

You have not taken this quiz